| 000 | 00526nam a2200205 u 4500 | ||
|---|---|---|---|
| 005 | 20230310063623.0 | ||
| 008 | 160413s1964 r 000 0 eng d | ||
| 020 | _a0156148501 | ||
| 035 | _aUPN01000209485 | ||
| 049 | _aCG | ||
| 050 | 4 |
_aPR6029 R8 _bB8.7 |
|
| 100 | 1 |
_aOrwell, George, _d1903-1950 |
|
| 245 | 1 | 0 |
_aBurmese days / _cGeorge Orwell. |
| 260 |
_aSan Diego, E.U.A. : _bHarcourt, _cc1964. |
||
| 300 | _a287 p. | ||
| 440 | 0 | _aFicción | |
| 650 | 4 |
_aNovela inglesa _94471 |
|
| 905 | _aLibro | ||
| 999 |
_c181586 _d181586 |
||